BEYOND THE LINES AN AUTOBIOGRAPHY (Record no. 20805)
[ view plain ]
| 000 -LEADER | |
|---|---|
| fixed length control field | 00318nam a2200121Ia 4500 |
| 008 - FIXED-LENGTH DATA ELEMENTS--GENERAL INFORMATION | |
| fixed length control field | 240624s9999 xx 000 0 und d |
| 041 ## - LANGUAGE CODE | |
| Language code of text/sound track or separate title | eng |
| 082 ## - DEWEY DECIMAL CLASSIFICATION NUMBER | |
| Classification number | 920 NAY |
| 100 ## - MAIN ENTRY--PERSONAL NAME | |
| Personal name | NAYAR KULDIP |
| 245 ## - TITLE STATEMENT | |
| Title | BEYOND THE LINES AN AUTOBIOGRAPHY |
| 260 ## - PUBLICATION, DISTRIBUTION, ETC. | |
| Date of publication, distribution, etc. | 2012 |
| Place of publication, distribution, etc. | New Delhi |
| Name of publisher, distributor, etc. | Roli Books |
| 300 ## - PHYSICAL DESCRIPTION | |
| Extent | xii, : 420 : p. : cm. ; 24 |
| Withdrawn status | Lost status | Damaged status | Not for loan | Home library | Current library | Shelving location | Date acquired | Full call number | Barcode | Date last seen | Price effective from | Koha item type |
|---|---|---|---|---|---|---|---|---|---|---|---|---|
| IMTN | IMTN | Rack 42-B | 12/18/2012 | 920 NAY | 20805 | 06/24/2024 | 06/24/2024 | Books |